| 000 | 00367nam a22001577a 4500 | ||
|---|---|---|---|
| 999 |
_c522711 _d522711 |
||
| 003 | NUST | ||
| 020 | _a0140240098 | ||
| 038 | _awaseem | ||
| 082 |
_a949.7024 _bFIL |
||
| 100 |
_aFilipovic, Zlata _912914 |
||
| 245 |
_aZlata's Diary / _cZlata Filipovic |
||
| 260 |
_aLondon : _bPenguin Books, _c1994. |
||
| 300 | _a192 p. ; | ||
| 500 | _aPaperback. | ||
| 942 |
_2ddc _cBK |
||